Análisis de un discurso político a propósito del parlamento centroamericano /
Saved in:
| Main Author: | |
|---|---|
| Format: | Book |
| Language: | Spanish |
| Tags: |
Add Tag
No Tags, Be the first to tag this record!
|
MARC
| LEADER | 00000nam a22000007a 4500 | ||
|---|---|---|---|
| 003 | cru IIS | ||
| 005 | 20220729062548.0 | ||
| 008 | 220726b2020 cr |||p|r|||| 00| 0 spa d | ||
| 040 | |c cru IIS | ||
| 100 | 1 | |a Arguedas Marín, Cecilia |d 1943-2019 |9 8343 | |
| 245 | 1 | |a Análisis de un discurso político a propósito del parlamento centroamericano / |c Cecilia Arguedas Marín | |
| 300 | |a páginas 239-250 | ||
| 500 | |a Colección Centroamérica | ||
| 773 | 0 | |0 18728 |9 7619 |a Universidad de Costa Rica. |d San José, Costa Rica Editorial UCR 1959- |o 23631 |t Revista de Ciencias Sociales/ |x 04825276 | |
| 942 | |2 ddc |c PP | ||
| 999 | |c 44441 |d 44441 | ||
